000 01556nam a2200325 4500
001 179957
003 ES-MaACL
005 20250806063141.0
008 120307s2011 sp a | |||||||| | spa d
020 _a978-84-9781-647-2
080 _a725.181(460.27 M.)
100 1 _aPortela Sandoval, Francisco,
_d1944-2015​
_eaut
_993213
245 1 3 _aEl palacio de Quintana, residencia de la infanta doña Isabel de Borbón, "la Chata" /
_cFrancisco José Portela Sandoval ; [colabora, Gonzalo Ramos Jácome ; fotografía, Pablo Linés Viñuales y Francisco José Portela Sandoval]
260 _a[Madrid] :
_bMinisterio de Defensa, Subdirección General de Publicaciones,
_c2011
300 _aXVI, 334 páginas :
_bilustraciones (blanco y negro y color), planos ;
_c30 cm
490 1 _aEdificios militares singulares
_9224570
504 _aBibliografía: páginas [307]-311
600 1 4 _aBorbón y Borbón, Isabel de,
_cInfanta de España,
_d1851-1931
_9144239
610 1 4 _aEspaña.
_bEjército del Aire
_93799
650 4 _aPalacio de Quintana (Madrid)
_9149533
700 1 _aRamos Jácome, Gonzalo
_eclb
_9149531
700 1 _aLinés, Pablo
_epht
_9149532
700 1 _aPortela Sandoval, Francisco,
_d1944-2015​
_epht
_993213
710 1 _aEspaña.
_bMinisterio de Defensa
_eedt
_93853
830 0 _aEdificios militares singulares
_9224570
852 _aES-MaACL
_bR.148287
_cDEPO1
_dOlim: N-5044
_hDonación Ministerio de Defensa
_jA-12039
_9186862
942 _2udc
_cMONOGRAFIA
_n0
999 _c179957
_d179957